Normal view
MARC view
Entry Personal Name
001 - CONTROL NUMBER
- control field: 22144
003 - CONTROL NUMBER IDENTIFIER
- control field: dpl
005 - DATE AND TIME OF LATEST TRANSACTION
- control field: 20100928113433.0
008 - FIXED-LENGTH DATA ELEMENTS
- fixed length control field: 100928|||a|||||| | ||| d
040 ## - CATALOGING SOURCE
- Original cataloging agency: dpl
- Transcribing agency: dpl
100 ## - HEADING--PERSONAL NAME
- Personal name: खिल्लन, रिम्पी
670 ## - SOURCE DATA FOUND
- Source citation: Work cat.: (dpl)34156: सिंह प्रेम 22143, समकालीन कहानी और उपेक्षित समाज /, 2009
670 ## - SOURCE DATA FOUND
- Source citation: Work cat.: (dpl)34156: सिंह प्रेम 22143, समकालीन कहानी और उपेक्षित समाज /, 2009
